[Event "Bayern-chTT (RL Sued-West)"]
[Site "Bayern 2008/09"]
[Date "2009.03.15"]
[Round "8.2"]
[White "Hoefelsauer, Thomas"]
[Black "Hornung, Hans Dr"]
[Result "0-1"]
[WhiteElo "2068"]
[BlackElo "2022"]
[PlyCount "52"]
[EventDate "2009.03.??"]
[EventType "team-tourn"]
[EventRounds "9"]
[WhiteTeam "München-SuedOst 1"]
[BlackTeam "Klosterlechfeld 1"]

1. c4 e5 2. Nc3 Nc6 3. g3 f5 4. Bg2 Nf6 5. d3 Bb4 6. Bd2 O-O 7. e3 d6 8. Nge2
Qe8 9. a3 Bxc3 10. Nxc3 f4 11. O-O Bg4 12. f3 Bf5 13. e4 Bd7 14. gxf4 exf4 15.
Bxf4 Nh5 16. Be3 Nf4 17. Bxf4 Rxf4 18. Nd5 Rh4 19. Nxc7 Qe5 20. Nxa8 Qxh2+ 21.
Kf2 Bh3 22. Rg1 Ne5 23. Nc7 Rf4 24. Nd5 Ng4+ 25. Ke2 Bxg2 26. Nxf4 Bf1+ 0-1

[Event "Bayern-chTT (RL Sued-West)"]
[Site "Bayern 2008/09"]
[Date "2009.03.15"]
[Round "8.3"]
[White "Heinrich, Lorenz"]
[Black "Bergauz, Avigdor"]
[Result "1/2-1/2"]
[WhiteElo "2042"]
[BlackElo "2037"]
[PlyCount "59"]
[EventDate "2009.03.??"]
[EventType "team-tourn"]
[EventRounds "9"]
[WhiteTeam "Klosterlechfeld 1"]
[BlackTeam "München-SuedOst 1"]

1. e4 c6 2. Nc3 d5 3. Nf3 Bg4 4. h3 Bh5 5. g4 Bg6 6. e5 h5 7. g5 e6 8. Ne2 Be4
9. Ned4 c5 10. Bb5+ Nd7 11. d3 Bg6 12. Bxd7+ Qxd7 13. Ne2 h4 14. Nf4 Ne7 15.
Nxg6 Nxg6 16. Rg1 O-O-O 17. Rg4 d4 18. Qe2 Qd5 19. Qe4 Be7 20. b3 Rd7 21. a4
Bd8 22. a5 Bc7 23. Bf4 Qxe4+ 24. dxe4 Bb8 25. Ra4 Bc7 26. Ke2 Bd8 27. Rc4 Rc7
28. Kd3 Be7 29. Bh2 Rh5 30. Ra4 1/2-1/2

[Event "Bayern-chTT (RL Sued-West)"]
[Site "Bayern 2008/09"]
[Date "2009.03.15"]
[Round "8.4"]
[White "Melzner, Lukas"]
[Black "Steffen, Kevin"]
[Result "0-1"]
[WhiteElo "1973"]
[BlackElo "1990"]
[PlyCount "56"]
[EventDate "2009.03.??"]
[EventType "team-tourn"]
[EventRounds "9"]
[WhiteTeam "München-SuedOst 1"]
[BlackTeam "Klosterlechfeld 1"]

1. c4 Nf6 2. Nc3 g6 3. g3 Bg7 4. Bg2 O-O 5. e4 d6 6. Nge2 c5 7. O-O Nc6 8. d3
Nd4 9. f4 Bd7 10. h3 Bc6 11. g4 e6 12. Nxd4 cxd4 13. Ne2 Ne8 14. f5 d5 15. fxe6
fxe6 16. Rxf8+ Bxf8 17. Nf4 dxe4 18. Nxe6 Qd6 19. Nxf8 e3 20. Nxg6 hxg6 21. b3
Ng7 22. a4 Qg3 23. Ra2 Rf8 24. Kh1 Rf2 25. Rxf2 Qxh3+ 26. Kg1 exf2+ 27. Kxf2
Qxg2+ 28. Ke1 Bf3 0-1

[Event "Bayern-chTT (RL Sued-West)"]
[Site "Bayern 2008/09"]
[Date "2009.03.15"]
[Round "8.5"]
[White "Heinrich, Helmut(60)"]
[Black "Ehmer, Fabian"]
[Result "1/2-1/2"]
[WhiteElo "2006"]
[BlackElo "1905"]
[PlyCount "44"]
[EventDate "2009.03.??"]
[EventType "team-tourn"]
[EventRounds "9"]
[WhiteTeam "Klosterlechfeld 1"]
[BlackTeam "München-SuedOst 1"]

1. f4 c5 2. e3 d6 3. Nf3 Nf6 4. b3 Nc6 5. Bb5 Bd7 6. Bb2 g6 7. O-O Bg7 8. d3
O-O 9. Qe2 a6 10. Bxc6 Bxc6 11. Nbd2 b5 12. c4 b4 13. d4 Ne4 14. Nxe4 Bxe4 15.
dxc5 Bxf3 16. gxf3 dxc5 17. Rfd1 Qc7 18. Rd5 e6 19. Bxg7 Kxg7 20. Rd3 Rfd8 21.
Rad1 Kf8 22. Kf2 Ke7 1/2-1/2

[Event "Bayern-chTT (RL Sued-West)"]
[Site "Bayern 2008/09"]
[Date "2009.03.15"]
[Round "8.6"]
[White "Hoennekes, Klaus"]
[Black "Winterkamp, Stefan"]
[Result "0-1"]
[WhiteElo "2006"]
[BlackElo "1978"]
[PlyCount "102"]
[EventDate "2009.03.??"]
[EventType "team-tourn"]
[EventRounds "9"]
[WhiteTeam "München-SuedOst 1"]
[BlackTeam "Klosterlechfeld 1"]

1. e4 c6 2. d4 d5 3. exd5 cxd5 4. c4 Nf6 5. Nc3 e6 6. Nf3 Bb4 7. Bd2 Nc6 8. a3
Be7 9. b4 dxc4 10. Bxc4 Nxd4 11. Nxd4 Qxd4 12. Qe2 O-O 13. Rc1 Bd7 14. Be3 Qg4
15. f3 Qh4+ 16. Bf2 Qg5 17. O-O Bd6 18. Rcd1 Qe5 19. Rxd6 Qxd6 20. Bc5 Qf4 21.
Bxf8 Qd4+ 22. Kh1 Qxc3 23. Be7 Re8 24. Bxf6 gxf6 25. Qd3 Qxd3 26. Bxd3 Rc8 27.
Ra1 Rc3 28. Bf1 e5 29. h3 f5 30. Kh2 e4 31. Kg3 Bc6 32. b5 Bd5 33. Rd1 Be6 34.
Kf4 exf3 35. gxf3 Rxa3 36. Ke5 Kg7 37. Bd3 Rb3 38. f4 Bd7 39. Rg1+ Kh6 40. Bc4
Rb4 41. Bd3 Bxb5 42. Bxf5 Be2 43. Re1 Bh5 44. Be4 a5 45. h4 a4 46. f5 b5 47.
Ra1 f6+ 48. Kf4 Bf7 49. Rd1 a3 50. Rd7 Be8 51. Rd6 Kg7 0-1

[Event "Bayern-chTT (RL Sued-West)"]
[Site "Bayern 2008/09"]
[Date "2009.03.15"]
[Round "8.7"]
[White "Birnbaum, Karsten"]
[Black "Stadler, Wolfgang(65)"]
[Result "1/2-1/2"]
[WhiteElo "1933"]
[BlackElo "1997"]
[PlyCount "40"]
[EventDate "2009.03.??"]
[EventType "team-tourn"]
[EventRounds "9"]
[WhiteTeam "Klosterlechfeld 1"]
[BlackTeam "München-SuedOst 1"]

1. d4 f5 2. Nf3 Nf6 3. g3 g6 4. Bg2 Bg7 5. O-O O-O 6. c3 Qe8 7. Nbd2 d6 8. Ng5
c6 9. Qb3+ Kh8 10. Ndf3 h6 11. Ne6 Bxe6 12. Qxe6 Qf7 13. Qb3 Qxb3 14. axb3 Nbd7
15. Ra5 Kh7 16. h4 a6 17. Bh3 Rae8 18. Bf4 Nd5 19. Bc1 N5f6 20. Bf4 Nd5 1/2-1/2

[Event "Bayern-chTT (RL Sued-West)"]
[Site "Bayern 2008/09"]
[Date "2009.03.15"]
[Round "8.8"]
[White "Collmer, Dominik"]
[Black "King, Alexander"]
[Result "1/2-1/2"]
[WhiteElo "1632"]
[BlackElo "1887"]
[PlyCount "31"]
[EventDate "2009.03.??"]
[EventType "team-tourn"]
[EventRounds "9"]
[WhiteTeam "München-SuedOst 1"]
[BlackTeam "Klosterlechfeld 1"]

1. e4 c6 2. d4 d5 3. Nc3 dxe4 4. Nxe4 Nd7 5. Nf3 Ngf6 6. Ng3 e6 7. Bd3 Bd6 8.
O-O b6 9. Re1 O-O 10. c3 Bb7 11. b4 a5 12. b5 Rc8 13. Bd2 cxb5 14. Bxb5 Nd5 15.
Qb3 N7f6 16. Ne5 1/2-1/2

[Event "Bayern-chTT (RL Sued-West)"]
[Site "Bayern 2008/09"]
[Date "2009.03.15"]
[Round "8.1"]
[White "Rogobete, Nikolas Johann"]
[Black "Wolfsteiner, Helmut"]
[Result "1/2-1/2"]
[WhiteElo "2151"]
[BlackElo "2255"]
[PlyCount "118"]
[EventDate "2009.03.??"]
[EventType "team-tourn"]
[EventRounds "9"]
[WhiteTeam "Türkheim 1"]
[BlackTeam "Kriegshaber 1"]

1. e4 c5 2. Nf3 d6 3. d4 cxd4 4. Nxd4 Nf6 5. Nc3 a6 6. Bg5 e6 7. f4 Be7 8. Qf3
Qc7 9. O-O-O Nbd7 10. Bd3 h6 11. Qh3 Nc5 12. Kb1 Bd7 13. f5 O-O-O 14. Bh4 Kb8
15. Rhe1 Rhe8 16. Bg3 e5 17. Nb3 Na4 18. Nxa4 Bxa4 19. Nd2 Rc8 20. Rc1 Nd7 21.
Bh4 Nb6 22. Bxe7 Qxe7 23. Qe3 Qc7 24. b3 Bc6 25. c4 Nd7 26. Kb2 Qa5 27. Nb1 Qc5
28. Nc3 Nf6 29. h3 Re7 30. g4 Ne8 31. a3 a5 32. h4 Nc7 33. g5 hxg5 34. hxg5 Rh8
35. Qxc5 dxc5 36. Rh1 Ree8 37. Nd5 Rd8 38. Be2 Rxh1 39. Rxh1 Bxd5 40. cxd5 Ne8
41. Rh7 Nd6 42. Rxg7 Rh8 43. Bd3 Rh2+ 44. Kc3 b5 45. Bxb5 Nxb5+ 46. Kd3 Rh3+
47. Kd2 Nd6 48. Kc2 Rh2+ 49. Kd3 Rb2 50. g6 fxg6 51. Rxg6 Rxb3+ 52. Kc2 Rb6 53.
Re6 Kc7 54. f6 Kd7 55. Rxe5 Nc4 56. Re7+ Kd8 57. e5 Ne3+ 58. Kd3 Nxd5 59. Ra7
Nxf6 1/2-1/2

[Event "Bayern-chTT (RL Sued-West)"]
[Site "Bayern 2008/09"]
[Date "2009.03.15"]
[Round "8.2"]
[White "Bintakies, Michael"]
[Black "Antemia, Paul"]
[Result "1-0"]
[WhiteElo "2127"]
[BlackElo "2088"]
[PlyCount "85"]
[EventDate "2009.03.??"]
[EventType "team-tourn"]
[EventRounds "9"]
[WhiteTeam "Kriegshaber 1"]
[BlackTeam "Türkheim 1"]

1. f4 d5 2. Nf3 g6 3. g3 Bg7 4. Bg2 e6 5. O-O Ne7 6. d3 d4 7. c4 O-O 8. Na3 c5
9. Rb1 Nbc6 10. Nc2 Qd6 11. Bd2 a5 12. b3 h5 13. a3 Ra7 14. b4 axb4 15. axb4 b6
16. b5 Nd8 17. Ra1 Rxa1 18. Qxa1 Bb7 19. Qa7 Nf5 20. Ra1 e5 21. Ng5 Bxg2 22.
Kxg2 exf4 23. Bxf4 Be5 24. Ne4 Qe6 25. Bxe5 Qxe5 26. Qxb6 Ne6 27. Qc6 Ne3+ 28.
Nxe3 dxe3 29. Ra2 Rd8 30. Ra8 Qb2 31. Rxd8+ Nxd8 32. Qe8+ Kg7 33. Kf3 Ne6 34.
Kxe3 Qe5 35. Qe7 g5 36. Qd6 Qf5 37. b6 Qf1 38. b7 Nd4 39. Qxc5 Qg1+ 40. Nf2
Nc2+ 41. Kd2 Qe1+ 42. Kxc2 Qxe2+ 43. Kb3 1-0

[Event "Bayern-chTT (RL Sued-West)"]
[Site "Bayern 2008/09"]
[Date "2009.03.15"]
[Round "8.3"]
[White "Fischer, Manfred Dr(57)"]
[Black "Hahn, Christoph Dr(70)"]
[Result "1-0"]
[WhiteElo "2109"]
[BlackElo "2137"]
[PlyCount "41"]
[EventDate "2009.03.??"]
[EventType "team-tourn"]
[EventRounds "9"]
[WhiteTeam "Türkheim 1"]
[BlackTeam "Kriegshaber 1"]

1. e4 b6 2. d4 Bb7 3. Bd3 Nf6 4. Qe2 Nc6 5. c3 e5 6. Nf3 exd4 7. Nxd4 Ne5 8.
Bc2 g6 9. Bg5 h6 10. Bh4 Be7 11. Nd2 Nh5 12. Bg3 Nxg3 13. hxg3 h5 14. f4 Ng4
15. e5 Bc5 16. Ne4 O-O 17. O-O-O Qe7 18. Rh4 d5 19. Qxg4 dxe4 20. Rxh5 Bc8 21.
Rdh1 1-0

[Event "Bayern-chTT (RL Sued-West)"]
[Site "Bayern 2008/09"]
[Date "2009.03.15"]
[Round "8.4"]
[White "Stoer, Andreas"]
[Black "Groenegress, Wilfried"]
[Result "0-1"]
[WhiteElo "2122"]
[BlackElo "2036"]
[PlyCount "38"]
[EventDate "2009.03.??"]
[EventType "team-tourn"]
[EventRounds "9"]
[WhiteTeam "Kriegshaber 1"]
[BlackTeam "Türkheim 1"]

1. c4 e5 2. Nc3 Nf6 3. Nf3 Nc6 4. e3 d5 5. cxd5 Nxd5 6. Bb5 Nxc3 7. bxc3 Bd6 8.
d4 Bd7 9. e4 Qe7 10. O-O O-O 11. Re1 Rad8 12. Qb3 h6 13. Be3 Bg4 14. Bxc6 Bxf3
15. Qxb7 exd4 16. gxf3 dxe3 17. fxe3 Bxh2+ 18. Kf1 Qg5 19. Bd5 Rb8 0-1

[Event "Bayern-chTT (RL Sued-West)"]
[Site "Bayern 2008/09"]
[Date "2009.03.15"]
[Round "8.5"]
[White "Tudosa, Daniel"]
[Black "Jermann, Frank Dr"]
[Result "1-0"]
[WhiteElo "2027"]
[BlackElo "2088"]
[PlyCount "93"]
[EventDate "2009.03.??"]
[EventType "team-tourn"]
[EventRounds "9"]
[WhiteTeam "Türkheim 1"]
[BlackTeam "Kriegshaber 1"]

1. d4 g6 2. c4 Bg7 3. Nc3 c5 4. d5 d6 5. e4 Na6 6. Bd3 Bd7 7. Nge2 Nf6 8. h3
O-O 9. O-O Nc7 10. Bg5 a6 11. f4 b5 12. e5 Nfe8 13. Ne4 f6 14. exd6 Nxd6 15.
Nxd6 exd6 16. Bh4 bxc4 17. Bxc4 Qb8 18. b3 Re8 19. Rc1 f5 20. Be1 Nb5 21. Qd3
Qb6 22. Bf2 Re4 23. b4 Rae8 24. Rc2 Nd4 25. bxc5 dxc5 26. Nxd4 cxd4 27. Bxa6
Rxf4 28. Bc4 Rfe4 29. Rd2 Ba4 30. Qa3 Bd7 31. Bd3 R4e7 32. Rb2 Qf6 33. d6 Rf7
34. Qc5 Rc8 35. Qb4 Be6 36. Re1 h6 37. Rbe2 Re8 38. a4 Rff8 39. Rxe6 Rxe6 40.
Bc4 Kh7 41. Rxe6 Qg5 42. d7 Rd8 43. Bb3 Qc1+ 44. Re1 Qc3 45. Re8 Qc1+ 46. Re1
Qc3 47. Qc4 1-0

[Event "Bayern-chTT (RL Sued-West)"]
[Site "Bayern 2008/09"]
[Date "2009.03.15"]
[Round "8.6"]
[White "Stelter, Felix"]
[Black "Lux, Werner"]
[Result "1-0"]
[WhiteElo "2132"]
[BlackElo "1929"]
[PlyCount "99"]
[EventDate "2009.03.??"]
[EventType "team-tourn"]
[EventRounds "9"]
[WhiteTeam "Kriegshaber 1"]
[BlackTeam "Türkheim 1"]

1. d4 d5 2. c4 c6 3. Nc3 Nf6 4. Nf3 e6 5. Bg5 Be7 6. e3 Nbd7 7. Qc2 O-O 8.
O-O-O dxc4 9. Bxc4 b5 10. Bd3 Bb7 11. e4 h6 12. Be3 b4 13. Na4 Qa5 14. Kb1 Rfc8
15. Nc5 Nxc5 16. dxc5 Nd7 17. Rc1 Rd8 18. Rhd1 Ba6 19. Bxa6 Qxa6 20. Qc4 Qb7
21. Rd4 a5 22. e5 Qc7 23. Re4 Nf8 24. Rg4 Ng6 25. Rxg6 fxg6 26. Qxe6+ Kh7 27.
Nd4 Re8 28. Qxc6 Qxe5 29. Qf3 Bf6 30. Rc2 Rac8 31. c6 Red8 32. Nb3 a4 33. Nc5
a3 34. Bc1 axb2 35. Bxb2 Qf5 36. Qxf5 gxf5 37. Bxf6 gxf6 38. Nd7 Kg6 39. Kb2
Kf7 40. Kb3 Ke7 41. Kxb4 Kd6 42. Kb5 Kc7 43. a4 Re8 44. Nxf6 Re5+ 45. Rc5 Rxc5+
46. Kxc5 Ra8 47. Nd5+ Kb8 48. Kd6 Rxa4 49. c7+ Kb7 50. c8=Q+ 1-0

[Event "Bayern-chTT (RL Sued-West)"]
[Site "Bayern 2008/09"]
[Date "2009.03.15"]
[Round "8.7"]
[White "Erler, Mark"]
[Black "Demel, Paul"]
[Result "1-0"]
[WhiteElo "1997"]
[BlackElo "2053"]
[PlyCount "105"]
[EventDate "2009.03.??"]
[EventType "team-tourn"]
[EventRounds "9"]
[WhiteTeam "Türkheim 1"]
[BlackTeam "Kriegshaber 1"]

1. d4 Nf6 2. c4 e6 3. g3 d5 4. Bg2 Be7 5. Nf3 O-O 6. O-O dxc4 7. Qc2 a6 8. a4
Bd7 9. Nc3 Nc6 10. Rd1 Nb4 11. Qb1 Bc6 12. Ne5 Bxg2 13. Kxg2 b5 14. f3 Rb8 15.
Bf4 Nh5 16. Be3 f6 17. Ng4 f5 18. Ne5 Bd6 19. Bf2 Qe8 20. axb5 axb5 21. Ra7 Nf6
22. Qa1 Nbd5 23. Qc1 Nd7 24. Nxd7 Qxd7 25. b3 Ra8 26. Rxa8 Rxa8 27. bxc4 bxc4
28. Qb2 c6 29. Qc2 Qa7 30. Rb1 Qa3 31. Nd1 Qa4 32. Qc1 f4 33. Nb2 Qa2 34. Nxc4
Bb4 35. Rb2 Qa6 36. Rc2 Qa1 37. Qxa1 Rxa1 38. Ne5 Ne3+ 39. Bxe3 fxe3 40. Nxc6
Bd2 41. Ne5 h5 42. Nd3 Ra4 43. Nc5 Rxd4 44. Nxe6 Rd6 45. Ng5 g6 46. Ne4 Rd8 47.
f4 Kf8 48. Kf3 Kg7 49. Rc7+ Kg8 50. Rd7 Rxd7 51. Nf6+ Kf7 52. Nxd7 Ke6 53. Nb6
1-0

[Event "Bayern-chTT (RL Sued-West)"]
[Site "Bayern 2008/09"]
[Date "2009.03.15"]
[Round "8.8"]
[White "Schechter, Dimitri"]
[Black "Epple, Ulrich"]
[Result "1/2-1/2"]
[WhiteElo "2082"]
[BlackElo "1973"]
[PlyCount "81"]
[EventDate "2009.03.??"]
[EventType "team-tourn"]
[EventRounds "9"]
[WhiteTeam "Kriegshaber 1"]
[BlackTeam "Türkheim 1"]

1. Nf3 Nf6 2. d4 g6 3. g3 Bg7 4. Bg2 O-O 5. O-O d6 6. c4 c5 7. Nc3 Nc6 8. dxc5
dxc5 9. e4 Bg4 10. h3 Bxf3 11. Qxf3 Nd4 12. Qd3 Nd7 13. f4 Nb8 14. Rd1 Nbc6 15.
Nd5 e6 16. Ne3 Qe7 17. Bd2 Rad8 18. Qf1 Nb4 19. Bxb4 cxb4 20. Kh2 Qc5 21. e5 b3
22. a3 Nc2 23. Nxc2 bxc2 24. Rxd8 Rxd8 25. Qe2 Rd4 26. Qxc2 Rxc4 27. Qb3 b6 28.
Qf3 Rc2 29. b4 Qf2 30. Qxf2 Rxf2 31. Rc1 Ra2 32. Rc3 g5 33. Rd3 Bh6 34. Rf3
gxf4 35. gxf4 a5 36. bxa5 bxa5 37. Kg3 Bf8 38. f5 Rxa3 39. Rxa3 Bxa3 40. fxe6
fxe6 41. Bc6 1/2-1/2

[Event "Bayern-chTT (RL Sued-West)"]
[Site "Bayern 2008/09"]
[Date "2009.03.15"]
[Round "8.1"]
[White "Fauth, Dietmar Dr"]
[Black "Hennig, Dirk"]
[Result "0-1"]
[WhiteElo "2170"]
[BlackElo "2359"]
[PlyCount "58"]
[EventDate "2009.03.??"]
[EventType "team-tourn"]
[EventRounds "9"]
[WhiteTeam "München-Siemens 1"]
[BlackTeam "München-Tarrasch 2"]

1. e4 g6 2. d4 Bg7 3. Nc3 c6 4. Nf3 d5 5. e5 Bg4 6. Be2 e6 7. Bg5 Ne7 8. Qd2 h6
9. Bf4 g5 10. Be3 Nf5 11. O-O-O Nd7 12. Rhg1 b5 13. h3 Bxf3 14. gxf3 b4 15. Nb1
Qa5 16. f4 c5 17. dxc5 Nxc5 18. Bxc5 Qxc5 19. Bg4 Ne7 20. Rde1 Rc8 21. Re2 Ng6
22. f5 Nf4 23. fxe6 fxe6 24. Rge1 h5 25. Bf3 Bh6 26. Kd1 g4 27. hxg4 hxg4 28.
Bxg4 Nxe2 29. Qxe2 Qd4+ 0-1

[Event "Bayern-chTT (RL Sued-West)"]
[Site "Bayern 2008/09"]
[Date "2009.03.15"]
[Round "8.2"]
[White "Singer, Christoph(70)"]
[Black "Ruether, Rudolf"]
[Result "1/2-1/2"]
[WhiteElo "2312"]
[BlackElo "2105"]
[PlyCount "109"]
[EventDate "2009.03.??"]
[EventType "team-tourn"]
[EventRounds "9"]
[WhiteTeam "München-Tarrasch 2"]
[BlackTeam "München-Siemens 1"]

1. e4 c5 2. Nf3 e6 3. d4 cxd4 4. Nxd4 a6 5. Bd3 Nf6 6. Qe2 d6 7. Nc3 Be7 8. Be3
O-O 9. O-O-O Qc7 10. g4 Nc6 11. g5 Nd7 12. h4 Nde5 13. f4 Nxd3+ 14. Qxd3 b5 15.
Kb1 Bb7 16. g6 Nxd4 17. gxh7+ Kxh7 18. Bxd4 e5 19. fxe5 dxe5 20. Qg3 Bf6 21.
Be3 Rac8 22. Qf2 Qc4 23. Qf5+ Kg8 24. Rdg1 Qe6 25. Qf3 Rfd8 26. Bg5 Rd6 27. Rh2
b4 28. Nd5 Bd8 29. Rd2 Bxg5 30. hxg5 Bxd5 31. exd5 Qg6 32. Qg4 Rb8 33. Rh1 f5
34. Qc4 Rbd8 35. Rdh2 Qxg5 36. Qc7 R8d7 37. Rh8+ Kf7 38. Qc8 Rd8 39. Rxd8 Qxd8
40. Qxf5+ Kg8 41. Qxe5 a5 42. Rd1 Qf6 43. Qe8+ Qf8 44. Qxf8+ Kxf8 45. c4 bxc3
46. bxc3 g5 47. c4 Ke7 48. Kc2 g4 49. Kd3 g3 50. Rg1 Rg6 51. Ke3 Rg4 52. Rc1 g2
53. Kf2 g1=Q+ 54. Rxg1 Rxc4 55. Ke3 1/2-1/2

[Event "Bayern-chTT (RL Sued-West)"]
[Site "Bayern 2008/09"]
[Date "2009.03.15"]
[Round "8.3"]
[White "Boehm, Uwe(56)"]
[Black "Wood, Christopher"]
[Result "1/2-1/2"]
[WhiteElo "2078"]
[BlackElo "2202"]
[PlyCount "64"]
[EventDate "2009.03.??"]
[EventType "team-tourn"]
[EventRounds "9"]
[WhiteTeam "München-Siemens 1"]
[BlackTeam "München-Tarrasch 2"]

1. d4 d5 2. Nc3 Bf5 3. Nf3 e6 4. Bg5 Nf6 5. e3 Be7 6. Bd3 c6 7. Bxf5 exf5 8.
O-O Nbd7 9. Qd3 Ne4 10. Bxe7 Qxe7 11. Nd2 O-O 12. f3 Nxd2 13. Qxd2 Rfe8 14.
Rfe1 Qg5 15. Re2 Re6 16. Rae1 Rae8 17. Nd1 Qe7 18. Kf1 Nf6 19. Qd3 g6 20. c3
Kg7 21. Nf2 Qc7 22. Kg1 Nh5 23. Nh3 h6 24. b3 Qe7 25. g3 Qd6 26. Kg2 Nf6 27.
Nf4 R6e7 28. Nh3 b6 29. Nf2 Re6 30. Nh3 Nh5 31. Nf4 Nxf4+ 32. exf4 Rxe2+
1/2-1/2

[Event "Bayern-chTT (RL Sued-West)"]
[Site "Bayern 2008/09"]
[Date "2009.03.15"]
[Round "8.4"]
[White "Buchner, Rudolf"]
[Black "Markl, Martin"]
[Result "0-1"]
[WhiteElo "2191"]
[BlackElo "2052"]
[PlyCount "126"]
[EventDate "2009.03.??"]
[EventType "team-tourn"]
[EventRounds "9"]
[WhiteTeam "München-Tarrasch 2"]
[BlackTeam "München-Siemens 1"]

1. e4 e5 2. Nf3 Nc6 3. Bc4 Bc5 4. O-O Nf6 5. d3 d6 6. Nc3 Bg4 7. h3 Bh5 8. Be3
Nd4 9. Bxd4 Bxd4 10. Qe2 Qd7 11. Nd1 g5 12. c3 Bb6 13. Ne3 g4 14. hxg4 Nxg4 15.
Nf5 Rg8 16. d4 O-O-O 17. Qd3 exd4 18. cxd4 Nf6 19. a4 a5 20. b4 d5 21. exd5 Bg6
22. N3h4 Bxf5 23. Qxf5 Qxf5 24. Nxf5 Rg5 25. bxa5 Bxa5 26. Ne3 Ne4 27. Rfd1 f5
28. Bd3 Nd6 29. f4 Rh5 30. Be2 Rh4 31. Rac1 Rxf4 32. Nc4 Nxc4 33. Rxc4 Rxd5 34.
Rc5 Rxc5 35. dxc5 Rxa4 36. Bb5 Rf4 37. Ra1 c6 38. Bd3 Bb4 39. Rc1 h6 40. Kh2
Kc7 41. Kg3 Rg4+ 42. Kf3 Rd4 43. Bxf5 Rd5 44. Be4 Rxc5 45. Rxc5 Bxc5 46. Ke2 b6
47. Bf3 Be7 48. Kd3 Kd6 49. Bh5 Bf6 50. Kc4 b5+ 51. Kb4 Bh4 52. Be8 Be1+ 53.
Kb3 Kc5 54. Bd7 h5 55. Be8 h4 56. Bd7 Kb6 57. Be8 c5 58. Bf7 Kc7 59. Be8 c4+
60. Kc2 Kb6 61. Kb2 Kc5 62. Kc2 b4 63. Bf7 b3+ 0-1

[Event "Bayern-chTT (RL Sued-West)"]
[Site "Bayern 2008/09"]
[Date "2009.03.15"]
[Round "8.5"]
[White "Joerg, Harald Dr"]
[Black "Trescher, Manfred"]
[Result "0-1"]
[WhiteElo "2167"]
[BlackElo "2134"]
[PlyCount "72"]
[EventDate "2009.03.??"]
[EventType "team-tourn"]
[EventRounds "9"]
[WhiteTeam "München-Siemens 1"]
[BlackTeam "München-Tarrasch 2"]

1. e4 e6 2. d4 d5 3. Nc3 Bb4 4. exd5 exd5 5. Bd3 Nf6 6. Bg5 h6 7. Bh4 O-O 8.
Nge2 Nbd7 9. O-O c6 10. a3 Bd6 11. Bg3 Bxg3 12. Nxg3 Re8 13. Qd2 Nf8 14. Rae1
Bd7 15. Rxe8 Nxe8 16. Re1 Qf6 17. Re5 Ng6 18. Nh5 Qd6 19. Bxg6 Qxg6 20. Ne2 Nd6
21. Nef4 Nc4 22. Qc3 Qg4 23. f3 Qh4 24. g3 Qd8 25. Re2 Qf8 26. Nd3 Re8 27. Ne5
Qe7 28. Nf4 Nxe5 29. dxe5 Be6 30. b4 Qc7 31. Qd4 Qb6 32. c3 Qa6 33. Ra2 b6 34.
a4 Qc8 35. Qe3 d4 36. cxd4 Bxa2 0-1

[Event "Bayern-chTT (RL Sued-West)"]
[Site "Bayern 2008/09"]
[Date "2009.03.15"]
[Round "8.6"]
[White "Schwarzberg, Ilja"]
[Black "Haizmann, Thomas"]
[Result "0-1"]
[WhiteElo "2085"]
[BlackElo "2125"]
[PlyCount "136"]
[EventDate "2009.03.??"]
[EventType "team-tourn"]
[EventRounds "9"]
[WhiteTeam "München-Tarrasch 2"]
[BlackTeam "München-Siemens 1"]

1. e4 Nf6 2. e5 Nd5 3. Nc3 Nxc3 4. dxc3 d6 5. Bc4 Nc6 6. Nf3 dxe5 7. Qxd8+ Nxd8
8. Nxe5 f6 9. Nf3 e5 10. Be3 Be6 11. Bb5+ c6 12. Ba4 Bd6 13. O-O Ke7 14. Nd2
Nf7 15. f4 exf4 16. Bxf4 Bxf4 17. Rxf4 Ne5 18. Re1 Rhe8 19. Bb3 Bxb3 20. Nxb3
Kf7 21. Kf1 b6 22. Rh4 h6 23. a4 c5 24. a5 Nc6 25. Rxe8 Rxe8 26. axb6 axb6 27.
Ra4 Ne5 28. Nd2 Ke6 29. Ra6 Rb8 30. h3 Kd5 31. Ra7 g6 32. b3 Re8 33. Rg7 Ra8
34. Rb7 Kc6 35. Re7 Kd6 36. Rb7 Kc6 37. Re7 Nd7 38. Nf3 Kd6 39. Re2 Ne5 40. Nd2
Ra7 41. Ne4+ Ke6 42. Rd2 Rd7 43. Re2 f5 44. Nd2 Kf6 45. c4 Re7 46. Nb1 Nc6 47.
Rd2 Nd4 48. Nc3 Re6 49. Kf2 g5 50. b4 cxb4 51. Rxd4 bxc3 52. Rd3 Ke5 53. h4 Rc6
54. Rxc3 Kd4 55. Rg3 Rg6 56. h5 Rc6 57. Ke2 Rxc4 58. Kd2 Ke5 59. Re3+ Kf6 60.
Rb3 Rc6 61. Ke3 g4 62. Rb5 Kg5 63. Kd3 Rf6 64. g3 Kxh5 65. Kd4 Kg5 66. c4 h5
67. Ke5 Rc6 68. Kd5 Rc5+ 0-1

[Event "Bayern-chTT (RL Sued-West)"]
[Site "Bayern 2008/09"]
[Date "2009.03.15"]
[Round "8.7"]
[White "Amelang, Thomas"]
[Black "Koch, Enrico"]
[Result "1/2-1/2"]
[WhiteElo "2064"]
[BlackElo "2046"]
[PlyCount "32"]
[EventDate "2009.03.??"]
[EventType "team-tourn"]
[EventRounds "9"]
[WhiteTeam "München-Siemens 1"]
[BlackTeam "München-Tarrasch 2"]

1. e4 c5 2. Nc3 e6 3. g3 d5 4. d3 Nc6 5. Bg2 dxe4 6. Nxe4 Nf6 7. Ne2 Be7 8. O-O
O-O 9. Nxf6+ Bxf6 10. Nc3 Bd7 11. Ne4 Be7 12. Be3 b6 13. Nd2 Rc8 14. Re1 Nb4
15. Nf3 Bc6 16. Bd2 Bf6 1/2-1/2

[Event "Bayern-chTT (RL Sued-West)"]
[Site "Bayern 2008/09"]
[Date "2009.03.15"]
[Round "8.8"]
[White "Daurer, Walter"]
[Black "Osthoff, Michael"]
[Result "1-0"]
[WhiteElo "1940"]
[BlackElo "1936"]
[PlyCount "41"]
[EventDate "2009.03.??"]
[EventType "team-tourn"]
[EventRounds "9"]
[WhiteTeam "München-Tarrasch 2"]
[BlackTeam "München-Siemens 1"]

1. e4 c6 2. d4 d5 3. Nc3 dxe4 4. Nxe4 Bf5 5. Ng3 Bg6 6. Nf3 e6 7. h4 h6 8. h5
Bh7 9. Bd3 Bxd3 10. Qxd3 Nd7 11. Bd2 Ngf6 12. O-O-O c5 13. Ne4 Be7 14. Nxf6+
Bxf6 15. Bc3 O-O 16. dxc5 Nxc5 17. Qe3 Qb6 18. Bxf6 gxf6 19. Qxh6 Ne4 20. Rd4
Nxf2 21. Rhh4 1-0

[Event "Bayern-chTT (RL Sued-West)"]
[Site "Bayern 2008/09"]
[Date "2009.03.15"]
[Round "8.1"]
[White "Komljenovic, Luka"]
[Black "Pleyer, Felix"]
[Result "1-0"]
[WhiteElo "2205"]
[BlackElo "1997"]
[PlyCount "75"]
[EventDate "2009.03.??"]
[EventType "team-tourn"]
[EventRounds "9"]
[WhiteTeam "Unterhaching 1"]
[BlackTeam "Sonthofen 1"]

1. Nf3 Nf6 2. c4 g6 3. Nc3 Bg7 4. e4 d6 5. d4 O-O 6. Be2 Bg4 7. Be3 Nfd7 8. Rc1
c5 9. d5 Na6 10. O-O Nc7 11. Nd2 Bxe2 12. Qxe2 Rb8 13. Nb3 a6 14. Rfd1 b6 15.
Bg5 h6 16. Bh4 Be5 17. Rd3 b5 18. Na5 bxc4 19. Nxc4 Bf6 20. Bxf6 exf6 21. Rh3
Qe7 22. Na5 f5 23. Qd2 Qg5 24. f4 Qf6 25. Nc6 Rb7 26. Rxh6 Re8 27. exf5 Qxf5
28. Rh3 Nf6 29. Rd1 Kg7 30. b3 Nb5 31. Nxb5 axb5 32. Qc3 b4 33. Qb2 Re4 34. Rf3
Rb6 35. g3 Kf8 36. Rfd3 Nxd5 37. Rxd5 Re1+ 38. Rxe1 1-0